Kansas City Chiefs Greatest Players - Statistics

General Stats
  • This quiz has been taken 379 times
  • The average score is 14 of 25
Answer Stats
First Name Last Name % Correct
Jamaal Charles
85%
Travis Kelce
84%
Len Dawson
83%
Derrick Thomas
81%
Preist Holmes
80%
Tony Gonzalez
74%
Alex/Neil Smith
71%
Tamba Hali
70%
Dante Hall
70%
Marcus/Jared Allen
69%
Trent Green
63%
Joe Montana
61%
Dwayne Bowe
60%
Larry/Derrick Johnson
58%
Eric Berry
57%
Christian Okoye
55%
Bobby Bell
52%
Dustin Colquitt
50%
Will Shields
46%
Justin Houston
43%
Otis Taylor
42%
Willie Lanier
31%
Buck Buchanan
15%
Abner Hayes
15%
Joe Delaney
13%
No matching quizzes found
Score Distribution
Percent of People with Each Score
Percentile by Number Answered
Your Score History
You have not taken this quiz